00694nam a2200181 a 4500008004100000020001800041050001600059100001800075245006900093250001600162260002400178300002900202500001600231650002300247995009300270999001700363952013200380210303s2010 ||||||||||||||||| || u a9785911344658 aPG 2900 Aks aAksenova, M.P10aRussian language in a new way Part 1 (3rd edition)cM.P Aksenova a3rd edition aMoscowbForumc2010 a645 pages: illustrations aIncludes CD aRUSSIAN LITERATURE FCBU-MAIN LIBRARY (Kitwe)M1UAVAILABLEWMar 3, 2021ZMain Library Open Access Collection c56867d56867 00102lcc4070a001b001cMain Library Open Access Collectiond2022-11-30l0oPG 2900 Aksp750880r2022-11-30w2022-11-30y002